[Event "Sao Paulo STD U2000 op"]
[Site "Sao Paulo"]
[Date "2025.04.25"]
[Round "3"]
[White "Salina, Felipe Sanches"]
[Black "Santoro, Camila Correa"]
[Result "0-1"]
[WhiteElo "1734"]
[BlackElo "1576"]
[PlyCount "68"]
[EventDate "2025.04.24"]
[EventType "swiss"]
[EventRounds "6"]
[EventCountry "BRA"]
[SourceTitle "CB18_2025"]
[SourceDate "2025.04.30"]
[SourceVersion "1"]
[SourceVersionDate "2025.04.30"]
[SourceQuality "1"]

1. e4 c5 2. Nf3 d6 3. Bb5+ Bd7 4. Bxd7+ Nxd7 5. 0-0 g6 6. Qe2 Bg7 7. c3 e6 8. d4 cxd4 9. cxd4 Ne7 10. Nc3 0-0 11. Rd1 e5 12. dxe5 dxe5 13. Qb5 Nc6 14. Qxb7 Nd4 15. Nxd4 exd4 16. Ne2 Nc5 17. Qc6 Rc8 18. Qd5 Ne6 19. Bg5 Nxg5 20. Nxd4 Qxd5 21. exd5 Bxd4 22. Rxd4 f6 23. f4 Nf7 24. d6 Rfd8 25. d7 Rc7 26. Rad1 g5 27. f5 Ne5 28. b4 Kf7 29. a4 Ke7 30. b5 Nxd7 31. a5 Rcc8 32. Kf2 Ne5 33. b6 axb6 34. axb6 Rxd4 0-1